000 00469nam a2200169Ia 4500
999 _c26724
_d26724
003 OSt
005 20211110124008.0
008 190216s9999||||xx |||||||||||||| ||und||
040 _coclc
082 _a894.8128
_bPAR/Y
100 _aSivan, Paravur
_98895
245 0 _aYavanikakku Pinnil /
_cParavur Sivan
260 _bDc Books,
_aKottayam:
_c1986.
300 _a140p
650 _aPadanam
942 _cBK
_2ddc
_h894.8128
_iPAR/Y
_k894.8128
_mPAR/Y